Joueuses équipe de France handball - Statistiques

Statistiques générales
  • Ce quiz a été pris 260 fois
  • Le résultat moyen est 9 sur 25
Statistiques - réponses
Hint Réponse % Correct
16 Darleux
70%
1 Glauser
67%
26 Foppa
62%
27 Nze-Minko
61%
10 Zaadi
55%
20 Flippes
51%
21 Kanor
46%
64 Lacrabere
46%
12 Leynaud
44%
7 Pineau
41%
17 Dembele
40%
24 Edwige
39%
22 Horacek
37%
13 Houette
33%
4 Coatanea
28%
14 Niakaté
23%
6 Bouquet
21%
3 Dancette
21%
9 N'Gouan
21%
94 Gabriel
20%
19 Sercien-ugolin
20%
5 Ayglon-Saurina
18%
29 Niombla
18%
77 Frank
15%
18 Blonbou
13%
Aucun quiz correspondant
Distribution des résultats
% des personnes avec chaque résultat
Percentile par nombre de réponses
Votre historique - résultats
Vous n’avez pas pris ce quiz